000 00307nam a22001337a 4500
005 20250904112208.0
041 _aENG
100 _aBright.P.S
245 _aIndian Forest Service Exam.
250 _aThirty Fifth Edition
260 _aDelhi
_bBright Careers
_c2004
300 _a240
650 _aCompetitive Exam
999 _c3285
_d3285